000
00326nam a2200145Ia 4500
008
230718s9999 xx 000 0 und d
041
_a
Eng.
082
_a
420
_b
HOO-H
100
_a
Hoover, Thon
245
0
_a
How to live with idd
260
_a
Pakistan
_b
Franklin for
_c
2005
300
_a
255
650
_a
Law
999
_c
26094
_d
26094